Vivienda adecuada : perspectivas internacionales y jurisprudencia local /

Guardado en:
Autor Principal: Martinez, Jessica Lorena
Formato: Libro
Idioma:Spanish
Publicado: La Plata : Librería Editora Platense, 2017
Edición:1a. ed.
Materias:
Etiquetas: Agregar Etiqueta
Sin Etiquetas, Sea el primero en etiquetar este registro!
LEADER 00580nam a22001695a 4500
001 DER.der013435
008 180615s2017####ag#||||||||||||||#||spa||
005 20260619145239.0
245 1 0 |a Vivienda adecuada :  |b perspectivas internacionales y jurisprudencia local /  |c Jessica Lorena Martinez. 
250 |a 1a. ed. 
260 |a La Plata :  |b Librería Editora Platense,  |c 2017 
300 |a 518 p. 
020 |a 9789505365302 
100 1 |a Martinez, Jessica Lorena 
650 7 |a DERECHOS HUMANOS 
859 |a DERECHO  |b BIB. DERECHO  |h 323  |i MAR  |p 008395 
859 |a DERECHO  |b BIB. DERECHO  |h 323  |i MAR  |p 0010825  |t 1